000 00366pab a2200145 454500
008 180718b xxu||||| |||| 00| 0 eng d
100 _aSingh, Amrik
245 _aThe rationale of higher fees
650 _a Tution Fees
650 _a Universities
650 _a Finance
650 _aColleges and Universities - Finance - India
773 _aYojana
909 _a23580
999 _c23580
_d23580